[Event "AUT-ch U10"]
[Site "St Kanzian"]
[Date "2019.06.21"]
[Round "1"]
[White "Gressenberger, Georg"]
[Black "Arndorfer, Yanis"]
[Result "1/2-1/2"]
[WhiteElo "883"]
[BlackElo "1136"]
[PlyCount "87"]
[EventDate "2019.06.21"]
[EventType "swiss"]
[EventRounds "7"]
[EventCountry "AUT"]
[SourceTitle "CBM 191 Extra"]
[Source "ChessBase"]
[SourceDate "2019.09.30"]
[SourceVersion "1"]
[SourceVersionDate "2019.09.30"]
[SourceQuality "1"]

1. e4 e5 2. Nf3 Nc6 3. Bc4 Nf6 4. Nc3 Nxe4 5. Bxf7+ Kxf7 6. Nxe4 d5 7. Nc3 d4 8. Ne4 h6 9. c3 Bf5 10. d3 dxc3 11. bxc3 Bxe4 12. dxe4 Qxd1+ 13. Kxd1 Rd8+ 14. Ke2 Bc5 15. Be3 Be7 16. Rhd1 Rxd1 17. Rxd1 Rd8 18. Rxd8 Bxd8 19. Bc5 Be7 20. Be3 Ke6 21. Nd2 g5 22. Nb3 h5 23. Nc5+ Bxc5 24. Bxc5 b6 25. Be3 Kf6 26. f3 Na5 27. Kd3 c5 28. c4 Nc6 29. a3 Nd4 30. Bxd4 exd4 31. a4 h4 32. h3 Ke5 33. Ke2 Kf4 34. Kd3 a6 35. Kc2 a5 36. Kd3 Ke5 37. Kd2 Kf4 38. Kd3 Ke5 39. Kd2 Kd6 40. Kd3 Ke7 41. Kd2 Kf6 42. Kd3 Ke5 43. Kd2 Kf4 44. Kd3 1/2-1/2